书目信息 |
| 题名: |
造价员便携手册
|
|
| 作者: | 惠雅莉 主编 | |
| 分册: | ||
| 出版信息: | 北京 中国电力出版社 2006.01 |
|
| 页数: | 668页 | |
| 开本: | 20cm | |
| 丛书名: | 建筑工程技术便携手册系列丛书 | |
| 单 册: | ||
| 中图分类: | YU723.3-62 | |
| 科图分类: | TU723.3-62 | |
| 主题词: | 建筑工程--施工组织 , 建筑工程--施工计划 | |
| 电子资源: | ||
| ISBN: | 7-5083-3816-2 | |
| 000 | 00726nam0 2200241 450 | |
| 001 | 0638675824 | |
| 005 | 20060426104629.37 | |
| 010 | @a7-5083-3816-2@dCNY 21.00 | |
| 100 | @a20060426d2006 km y0chiy0120 ea | |
| 101 | 0 | @achi |
| 102 | @aCN@b110000 | |
| 200 | 1 | @a造价员便携手册@Azao jia yuan bian xie shou ce@f惠雅莉主编@Fhui ya li zhu bian |
| 210 | @a北京@c中国电力出版社@d2006.01 | |
| 215 | @a668页@d20cm | |
| 225 | 2 | @a建筑工程技术便携手册系列丛书 |
| 410 | 0 | @12001 @a建筑工程技术便携手册系列丛书 |
| 606 | 0 | @a建筑工程@x施工组织 |
| 606 | 0 | @a建筑工程@x施工计划 |
| 690 | @aYU723.3-62@v4 | |
| 692 | @aTU723.3-62 | |
| 701 | 0 | @a惠雅莉@Ahui ya li@4主编 |
| 801 | 0 | @aCN@bPFT@c20060426 |
| 905 | @a10447@dTU723.3-62@eH951 | |
| 造价员便携手册/惠雅莉主编.-北京:中国电力出版社,2006.01 |
| 668页;20cm.-(建筑工程技术便携手册系列丛书) |
| ISBN 7-5083-3816-2:CNY 21.00 |
| ● |
| 相关链接 |
|
|
|
正题名:造价员便携手册
索取号:TU723.3-62/H951
 
预约/预借
| 序号 | 登录号 | 条形码 | 馆藏地/架位号 | 状态 | 备注 |
| 1 | 601801 | 206018012 | 建筑库201/201建筑库 105排8列1层/ [索取号:TU723.3-62/H951] | 在馆 | |
| 2 | 601802 | 206018021 | 建筑库201/201建筑库 105排8列1层/ [索取号:TU723.3-62/H951] | 在馆 | |
| 3 | 601803 | 206018030 | 建筑库201/201建筑库 105排8列1层/ [索取号:TU723.3-62/H951] | 在馆 |